Quizzes
Events
Quiz Creation
Community
Videos
Private Events
Remove Ads
Sign In
Join for FREE
Feedback
Dark Mode
Quiz Categories
Sports
Geography
Music
Movies
Television
Just For Fun
Miscellaneous
History
Literature
Language
Science
Gaming
Entertainment
Religion
Holiday
For Kids
Quiz Lab
Recent
Popular Today
Quiz Kudos Today
Editor Picks
Curator Picks
Quizzes by...
Day
Popularity
Type
Ratings
Length
Year
Community
Subscriptions
Recent Discussions
Orange Saloon
Badges
Playlists
Quests
Create
Leaderboards
Showdown
Live 5
Trivia Bingo
Activity
Puzzle Library
Sporcle Events
Private Events
Virtual Trivia
Globe League
Become a Host
Pub Owners
SporcleCon
Opinionation
Our Games
Videos
Blog
Mobile Apps
Partnerships
Remove Ads and Go Orange
Feedback
Music
Pop Music
The Beatles
Song
Album
Lyrics
Bands
Singers
Artist
Clip
Rock
Rap
Classical
Billboard
Country Music
Kpop
Taylor Swift
Music
Pop Music
The Beatles
Song
Album
Lyrics
Bands
Singers
Artist
Clip
Rock
Rap
Classical
Billboard
Country Music
Kpop
Taylor Swift
Random Quiz
Search Sporcle
×
Quiz Lab
Quiz Lab
Music
Song
Type in answers that appear in a list
Type in answers that appear in a list
Classic
Best Score? Go Orange.
Can You Name These Songs? (1990-1999) Stats
Can you name the Can You Name These Songs? (1990-1999)?
By
kidstable
10m
53 Questions
66 Plays
66 Plays
66 Plays
Comments
Comments
Give Quiz Kudos
Give Quiz Kudos
-
- Ratings
hide this ad
More Info
Replay
Link that replays current quiz
Next Quiz
Link to next quiz in quiz playlist
You Got
0%
They Got
Avg Score
33%
Avg Friend Score
Upgrade to see
Score Distribution
Jump to the score distribution portion of the page
Score
0/53
Timer
10:00
0
Plays Today
Title
% Correct
Everybody Hurts
80.3%
Wonderwall
78.8%
Jump Around
77.3%
Black Hole Sun
71.2%
Semi-Charmed Life
68.2%
Sabotage
65.2%
No Rain
60.6%
Virtual Insanity
54.5%
Everlong
54.5%
Say It Ain't So
54.5%
Lump
53%
My Own Worst Enemy
51.5%
Even Flow
51.5%
One Headlight
48.5%
The Impression That I Get
45.5%
Drive
43.9%
Vasoline
40.9%
Hey Jealousy
39.4%
Flagpole Sitta
39.4%
The Rockafeller Skank
39.4%
Date Rape
39.4%
Spiderwebs
37.9%
Name
36.4%
Inside Out
34.8%
Criminal
31.8%
I'm Only Happy When It Rains
31.8%
Zoot Suit Riot
30.3%
Title
% Correct
Breaking The Girl
30.3%
Only Wanna Be With You
28.8%
Girls and Boys
25.8%
Come Original
24.2%
Hey Man Nice Shot
24.2%
Barely Breathing
24.2%
Never There
22.7%
Popular
21.2%
She
21.2%
Cannonball
21.2%
Possum Kingdom
18.2%
Time Bomb
18.2%
Army
18.2%
Smack My Bitch Up
15.2%
In The Meantime
13.6%
Guerrilla Radio
13.6%
Blue (Da Ba Dee)
12.1%
Gonna Make You Sweat
12.1%
Hell
12.1%
Let Forever Be
6.1%
So Much To Say
6.1%
Busy Child
6.1%
Johnny Quest Thinks We're Sellouts
6.1%
Linoleum
3%
Married Girl
1.5%
Don't Stop The Rock
0%
Quiz Playlist
Details
Report
Send in Message
Add To Playlist
More Info:
Click the play button in the embed. If you do not have windows media player, you need it, so download it. It is available for macs and linux.
Classic:
Type in answers that appear in a list
Last Updated: Feb 16, 2017
Quiz Scoreboard
CHALLENGE
Sign Up to Join the Scoreboard
Show All
Scores
Hide
Comments
May contain spoilers
Recently Published
NBA Finals Game Top Scorers (2010s)
by flibbidy
Sports
5m
Guess the 'R' Things in 3 Words
by MSUKent
Miscellaneous
3m
Actor to Badly Drawn Movie III
by MoMosMoProblems
Movies
5m
More to Explore
Quiz From the Vault
Featured Blog Post
Where Does Lost Luggage Go?
hide this ad
You Might Also Like...
Tags
Album Quiz
Song Quiz
1990s
name
Today's Top Quizzes in Music
Browse Music
hide this ad
Today's Top Quizzes in Song
Browse Song
Top Contributed Quizzes in Music
1
Taylor Swift All Songs (2024)
2
Image Sorting: Rock Albums II
3
Image Sorting: Rock Albums III
4
Image Sorting: Rock Albums IV
5
Image Sorting: Rock Albums V
6
Image Sorting: Rock Albums VI
7
Adjectives in 80s Songs
8
Taylor Swift Logic Puzzle
9
Image Sorting: Album Titles
10
Nickname Match: Musicians
Explore More
Trending Topics
Harry Potter
Anime
Kpop
NBA
Marvel
Crossword
Disney
Soccer
The Office
Country
WWE
Song
Pokémon
NFL
Puzzle
hide this ad
More By:
kidstable
Quiz
Plays
Rating
Category
Featured
Created
Can You Name These Songs from 5 Seconds?
87
3.00
Music
Feb 1, 2010
Can You Name These Songs? (1990-1999)
66
3.00
Music
Feb 1, 2010
Guess the 15 Songs in 5 seconds! each
29
1.57
Music
Feb 2, 2010
Can you guess 2 minutes of songs?
25
1.25
Music
Feb 26, 2010
Go to Creator's Profile
Score Distribution
Quiz Creator Spotlight
kidstable
Follow
Send a Message
Quizzes Created
-
Created Quiz Play Count
-
More By This Creator
Popular Quizzes Today
1
Find the US States - No Outlines Minefield
2
Find the US States
3
The Countries of the World
4
10 Largest US States in Order
5
Find the Countries of Europe - No Outlines Minefield
6
US States
7
Guess the 'R' Things in 3 Words
8
NBA Finals Game Top Scorers (2010s)
More Music Quizzes
LOONA albums
Quiz Lab
Trending Quizzes
First Name TV: Leading Men
First Name TV: Leading Women Drama
Match the Book to the Film II
3-Word Movies in 1 Word II
Match the Book to the Film VI
Recently Updated
Women's Final Four Teams by Year
bhenderson79
Presidents Quartet II
eogle
Anything But Clue(do)
eogle
Anything But Oceanian Capitals
eogle
Anything But 7
eogle
Anything But Thing
eogle
Word Ladder: February 29
pecheneg
Song Title Questions
pecheneg
Women's NCAA Tournament #1 Seeds
pecheneg
Celebrity Mug Shots
pecheneg
Trending Topics
NBA
Marvel
Crossword
Anime
Kpop
Harry Potter
Disney
NFL
The Office
Pokémon
Soccer
Country
Puzzle
WWE
Song
Your Account Isn't Verified!
In order to create a playlist on Sporcle, you need to verify the email address you used during registration. Go to your
Sporcle Settings
to finish the process.
Report this User
Report this user for behavior that violates our
Community Guidelines
.
Details:
Send Report
Go to the Sporcle.com Mobile Site →
Comments